| 000 | 00348nam a2200145Ia 4500 | ||
|---|---|---|---|
| 005 | 20251222141936.0 | ||
| 008 | 251222s9999||||xx |||||||||||||| ||spa|| | ||
| 020 | _a8445407139 | ||
| 082 | _a346.46/B24 | ||
| 100 | _aBardaji Muñóz, Luis | ||
| 245 | 0 | _aDerecho Civil | |
| 250 | _a4ta.ed. | ||
| 264 | _bCentro de Estudios Financieros | ||
| 942 | _cLIB | ||
| 999 |
_c9208 _d9208 |
||